| 000 | 00751 a2200253 4500 | ||
|---|---|---|---|
| 001 | 4043 | ||
| 003 | Complexo Educacional Contemporaneo | ||
| 005 | 20230919125647.0 | ||
| 008 | 191001s2002 r por d | ||
| 020 | _a8587931156 | ||
| 040 |
_aComplexo Educacional Contemporaneo _bpor |
||
| 080 | _a82 | ||
| 082 | _a82 | ||
| 090 |
_a82 L775 _bTU |
||
| 130 | _aLiteratura Brasileira a Arte da Palavra | ||
| 240 | 1 | 0 |
_aLiteratura Brasileira a Arte da Palavra _lPortuguês |
| 260 |
_aRio de Janeiro _bRevic Editorial _c2002 |
||
| 300 | _a239p. | ||
| 362 | 0 | _a(2002) | |
| 650 | 4 | _aLiteratura Brasileira | |
| 650 | 4 | _aMovimentos Literários | |
| 245 | 1 | 0 | _aLiteratura Brasileira a Arte da Palavra |
| 999 |
_c4043 _d4043 |
||